| 000 | 05065cam a2200409 i 4500 | ||
|---|---|---|---|
| 001 | 120325 | ||
| 005 | 20230410121215.0 | ||
| 008 | 120504s2011 fr b 001 0 fre | ||
| 035 | _a17416597 | ||
| 010 | _a 2012476788 | ||
| 020 | _a9782361060121 (pbk.) | ||
| 020 | _a2361060124 (pbk.) | ||
| 040 |
_aDLC _beng _cDLC _erda |
||
| 042 | _apcc | ||
| 050 | 1 | 4 |
_aJZ 6387 _bB336p 2011 |
| 100 | 1 | _aBattistella, Dario. | |
| 245 | 1 | 0 |
_aPaix et guerres au XXIe siècle / _cDario Battistella. |
| 246 | 1 | 0 | _aPaix et guerres au vingt-et-unième siècle |
| 264 | 1 |
_aAuxerre : _bSciences Humaines Éditions, _c2011 |
|
| 300 |
_a159 p. ; _c19 cm. |
||
| 490 | 0 | _aLa Petite Bibliothèque de Sciences Humaines | |
| 504 | _aIncludes bibliographical references (pages 147-152) and index. | ||
| 505 | 0 | 0 |
_tIntroduction. De la guerre et de la paix -- _tLa guerre : une violence organisée entre unités politiques -- _tUne activité violente -- _tUne activité collective -- _tUne activité organisée en fonction d'un but -- _tLa paix, une définition en creux -- _tLe choix des guerres internationales -- _tTrois types de guerres internationales -- _tNature hiérarchique de la plupart des guerres contemporaines -- _g1. _tLa paix entre grandes puissances ou la stabilité hégémonique -- _tUne longue paix nucléaire ? -- _tL'équilibre de l'offensive et de la défensive -- _tDu tabou au paradoxe nucléaire -- _tÉquilibre(s) des puissances et paix -- _tUne paix systémique dans un monde unipolaire -- _g2. _tLa paix entre états occidentaux ou la communauté démocratique -- _tLa paix liée à l'interdépendance économique ? -- _tL'approche réaliste -- _tDe l'interdépendance à la gouvernance économique internationale -- _tUne zone de paix démocratique -- _tL'Alliance atlantique, une communauté de valeurs démocratiques -- _g3. _tLes guerres des états occidentaux ou l'impérialisme orientaliste -- _tGuerres de nécessité ou guerres de choix ? -- _tDe l'influence de la politique interne sur les guerres externes : l'approche libérale des relations internationales -- _tSpécificités des guerres impérialistes -- _tExercer une emprise politique -- _tDéfendre des intérãets particuliers d'ordre matériels -- _tEt des intérets idéologiques : idéologie libérale et croisades messianiques -- _tUn contexte d'"obsolescence" de guerre majeures... -- _tUn mal nécessaire ? -- _tDeux poids, deux mesures : la pratique du double standard -- _tUne interprétation nouvelle du droit international : du droit d'ingérence à la responsabilité de protéger -- _g4. _tLes guerres régionales ou les inimitiés durables -- _tLe territoire, un enjeu essentiel ? -- _tUn état de guerre sans fin : les exemples indo-pakistanais et israélo-arabo-palestinien -- _tPourquoi un tel état de guerre : le profit ?, la gloire ? La sécurité ? -- _tL'impact du dilemme de la sécurité -- _tSpirale de l'insécurité et course aux armements -- _tAnarchies "hobbesienne" et "lockienne" -- _tUne culture de l'inimitié partagée -- _tConclusion : Paix et guerres dans le futur -- _tLa guerre : un statut ambigu -- _tUne donnée inédite dans l'histoire -- _tVers un affrontement sino-américain ? |
| 520 | _a«L’âge des guerres s’achèvera-t-il en une orgie de violence ou en un apaisement progressif ?» s’interrogeait Raymond Aron à la fin de Paix et Guerre entre les nations. Cinquante ans plus tard, Dario Battistella lui fait écho en analysant les relations internationales au XXIe siècle à travers le prisme de la guerre et de la paix. Depuis la fin de la guerre froide, le système international est caractérisé par une stabilité d’ensemble : la paix prévaut entre grandes puissances en général, et entre démocraties occidentales en particulier. Cette paix systémique s’explique par la structure unipolaire du système interétatique dominé jusqu’à aujourd’hui – mais pour combien de temps? – par les États-Unis. Au sein de cette hiérarchie, les États occidentaux forment une communauté démocratique qui explique la paix régionale dont ils jouissent dans leurs relations réciproques. La face cachée de cette paix systémique réside dans les guerres d’intervention menées par les démocraties contre des régimes qualifiés de voyous. Une autre catégorie de guerres existe enfin entre des pays marqués par des «inimitiés durables» : Pakistanais et Indiens d’un côté, Israéliens et Palestiniens de l’autre, connaissent des guerres récurrentes car ils sont dans une «continuelle suspicion» réciproque. | ||
| 650 | 0 |
_aInternational relations _xHistory _y21st century, |
|
| 650 | 4 |
_aRelaciones internacionales _xHistoria _ySiglo XXI. |
|
| 650 | 0 |
_aWar _xHistory _y21st century. |
|
| 650 | 4 |
_aGuerra _xHistoria _ySiglo XXI. |
|
| 650 | 0 |
_aPeace _xHistory _y21st century. |
|
| 650 | 4 |
_aPaz _xHistoria _ySiglo XXI. |
|
| 650 | 0 | _aIntervention (International law) | |
| 650 | 4 | _aIntervención (Derecho internacional). | |
| 650 | 0 |
_aWorld politics _y21st century. |
|
| 650 | 4 |
_aPolítica mundial _ySiglo XXI. |
|
| 942 |
_2lcc _cbk |
||
| 946 | _aJaaM | ||
| 999 |
_c60116 _d60116 |
||